Statistiques concernant lister chansons Barbara Pravi

Cliquez ici pour prendre le quiz!

Statistiques générales

  • Ce quiz a été pris 6 fois
  • Le résultat moyen est 14 sur 47

Statistiques - réponses

album/EPchansons% Correct
on n'enferme pas les oiseauxvoilà
100%
Le malamour
60%
louis
60%
Barcelone
40%
chair
40%
Deda
40%
l'homme et l'oiseau
40%
Barbara PraviPas grandir
40%
Personne d'autre que moi
40%
Les PrièresPrière à l'éphémère
40%
Prière au soleil
40%
Prière aux oiseaux
40%
Prière aux rêves
40%
prière pour soi
40%
Reviens pour l'hiverReviens pour l'hiver
40%
Saint-Raphaël
40%
365
20%
interlude
20%
Je l'aime, je l'aime, je l'aime
20%
je sers
20%
La femme
20%
La Fête
20%
La ritournelle
20%
L'Automne avant l'heure
20%
La vague
20%
le jour se lève
20%
Mes maladroits
20%
singlesOn m'appelle Heidi
20%
on s'éveillera
20%
Pigalle
20%
Prière à la dérive vers toi
20%
Prière à la lumière
20%
Prière au printemps
20%
Prière pour chanter
20%
Prière pour être heureux
20%
Prière pour guérir
20%
Prière pour la nuit
20%
Prière pour l'espoir
20%
Prière pour nos guides
20%
Prière pour pleurer
20%
Prière pour rester belle
20%
Les Prières - guérirPrière pour s'ouvrir
20%
Prière pour tant de choses
20%
Les Prières - racinesPrière pour tous les jours
20%
Prière vers l'horizon
20%
saute
20%
You Are the Reason
20%

Distribution des résultats

Percentile par nombre de réponses

% des personnes avec chaque résultat

Votre développement - résultats

Vous n’avez pas pris ce quiz